00920nam a2200217 a 4500001001000000005001700010008004100027041000800068044000700076050002200083100003300105245030000138260004000438300002400478500002200502500000900524650005500533650004500588700003500633700003400668BRCA_266120190320203918.0021208s1915----gw-a---###---#000-0#ger-# ager agw 4aNK4215b.G73 19151 aGrasse, Johann Georg Theodor10aFührer für Sammler von Porzellan und Fayencebsteinzeug, steingut uswcJ. G. Th. Greasse ; vollständiges verzeichnis der auf älterem Porzellan, Fayence, Steingut usw. befindlichen marken von verm und wissenschaftlichen belegen, erlauterungen und registern ausgestatett von E. Zimmermann. aBerlinbRichard Carl Schimidtc1915 a384 p.bil.c22 cm. aVer también S64 aA11714aMarcas de cerámicaxColeccionistas y colecciones14aCerámicaeColeccionistas y colecciones1 aJaenicke, Friedrichd1831-19071 aZimmermann, Ernestd1866-1940